Los empresarios complejos: un reto para el Derecho del Trabajo

Պահպանված է:
Մատենագիտական մանրամասներ
Հիմնական հեղինակներ: Gaeta, Lorenzo (Հեղինակ), Gallardo Moya, Rosario (Հեղինակ)
Ձևաչափ: Գիրք
Լեզու:իսպաներեն
Հրապարակվել է: Albacete Bomarzo 2010
Հրատարակություն:1a. ed
Խորագրեր:
Ցուցիչներ: Ավելացրեք ցուցիչ
Չկան պիտակներ, Եղեք առաջինը, ով նշում է այս գրառումը!

MARC

LEADER 00000nam a2200000 a 4500
001 UCG7215
003 CL-VaPUC
008 110624e20100000SP |||||||||||||||||spa|d
020 |a 9788415000105 
082 0 4 |a 344.460188  |b GAE  |2 21 
100 0 |a Gaeta, Lorenzo  |e author  |9 557880 
700 |a Gallardo Moya, Rosario  |e author  |9 557881 
245 1 4 |a Los empresarios complejos: un reto para el Derecho del Trabajo 
250 |a 1a. ed 
300 |a 393 p 
942 |c BK 
945 |d 20110624 00:00:00  |a dcastane 
260 |a Albacete  |b Bomarzo  |c 2010 
650 7 |a DERECHO LABORAL  |2 CL-VaPUC  |9 15 
650 0 |a Sindicatos  |9 255034 
650 0 |a Libertad sindical  |9 387480 
583 |a last modification  |c 20170803 12:49:21  |k Rodrigo Vera 
999 |c 345277  |d 345275 
952 |0 0  |1 0  |4 0  |6 344_460188000000000_GAE_2010  |7 0  |8 A  |9 443768  |a BIBDER  |b BIBDER  |d 2019-11-22  |i 478233K  |o 344.460188 GAE 2010  |p 478233K  |r 2023-01-25  |w 2019-11-22  |y BK  |k DER